000 00672nam a22002412 4500
001 19343
003 BD-RjUL
005 20211209000423.0
008 140224t1925 enk 001 0 eng
035 _a(BD-RjUL)19402
040 _aDLC
_cCOI
_dEQO
_dBD-RjUL
_beng
041 _aeng
082 0 4 _a241
_bSPE 1925
100 1 _aSpencer, Frederick Augustus Morland.
_959487
245 1 4 _aThe ethics of the gospel /
_cby Frederick A. M. Spencer.
260 _aLondon :
_bG. Allen & Unwin Ltd.,
_c1925.
300 _a255, [1] p. ;
_c19 cm.
504 _aincludes index.
650 0 _aChristian ethics.
_9152
942 _2ddc
_cBK
999 _c19343
_d19343